| 000 | 01249nam a2200253Ia 4500 | ||
|---|---|---|---|
| 003 | Ost | ||
| 005 | 20260507075248.0 | ||
| 008 | 260507s9999||||xx |||||||||||||| ||und|| | ||
| 040 | _cfsecg | ||
| 041 | _aara | ||
| 082 | _a330 | ||
| 100 |
_aالحديد، ابراهيم اسماعيل _eمؤلف |
||
| 245 | 0 |
_aإدارة التسويق السياحي / _c ابراهيم اسماعيل الحديد |
|
| 260 |
_aعمان: _bدار الاعصار, _c2010 |
||
| 300 |
_a305 صفحة؛ _bإيضاحات ؛ _c24 سم |
||
| 504 | _aمراجع ص.289 | ||
| 520 | _aمفاهيم و تطور التسويق،إدارة التسويق و الاطار النظري نظام و بيئة التسويق ، التسويق السياحي ، المستهلك السياحي ، العرض و الطلب السياحي ، تسويق الاعمال ، التخطيط و التنبؤ في التسويق ، مفهوم الاستراتيجية التسويقية ، استراتيجيات المنتجات ، الاستثمارفي التطوير . | ||
| 653 | _aأدارة المبيعات | ||
| 653 | _aالتسويق | ||
| 653 | _aالتسويق- السياحة | ||
| 653 | _aالسياحة | ||
| 653 | _aصناعة السياحة | ||
| 942 | _cكتاب | ||
| 999 |
_c43673 _d43673 |
||